<?xml version="1.0" encoding="UTF-8"?>
<record
    xmlns:xsi="http://www.w3.org/2001/XMLSchema-instance"
    xsi:schemaLocation="http://www.loc.gov/MARC21/slim http://www.loc.gov/standards/marcxml/schema/MARC21slim.xsd"
    xmlns="http://www.loc.gov/MARC21/slim">

  <leader>00769nam a2200205Ia 4500</leader>
  <controlfield tag="005">20231102150825.0</controlfield>
  <controlfield tag="008">120626t2002    EU A   e      000 0 ENG d</controlfield>
  <datafield tag="020" ind1=" " ind2=" ">
    <subfield code="a">1-84216-682-4</subfield>
  </datafield>
  <datafield tag="050" ind1=" " ind2=" ">
    <subfield code="a">PE1128 E85</subfield>
  </datafield>
  <datafield tag="100" ind1="1" ind2="0">
    <subfield code="a">EVANS, Virginia, autor</subfield>
  </datafield>
  <datafield tag="245" ind1="1" ind2="0">
    <subfield code="a">Click on 1</subfield>
    <subfield code="b"> : Student&#xB4;s book</subfield>
    <subfield code="c"> / Virginia Evans y Neil O&#xB4;Sullivan</subfield>
  </datafield>
  <datafield tag="250" ind1=" " ind2=" ">
    <subfield code="a">2a. edici&#xF3;n</subfield>
  </datafield>
  <datafield tag="260" ind1=" " ind2=" ">
    <subfield code="a">Estados Unidos : Express Publishing</subfield>
    <subfield code="b"> : Express Publishing</subfield>
    <subfield code="c"> , 2002</subfield>
  </datafield>
  <datafield tag="300" ind1=" " ind2=" ">
    <subfield code="a">157 p&#xE1;ginas.</subfield>
    <subfield code="b"> : il.</subfield>
    <subfield code="c"> ; 29 cm.</subfield>
  </datafield>
  <datafield tag="500" ind1=" " ind2=" ">
    <subfield code="a">Contiene : CD-AUDIO. contents table, irregular verbs, word lista, photo file section and exploring the UK and the USA.</subfield>
  </datafield>
  <datafield tag="650" ind1="1" ind2="0">
    <subfield code="a">INGLES</subfield>
    <subfield code="v">LIBRO DE TEXTO PARA EXTRANJEROS </subfield>
  </datafield>
  <datafield tag="650" ind1="2" ind2="0">
    <subfield code="a">INGLES</subfield>
    <subfield code="v">GRAMATICA</subfield>
  </datafield>
  <datafield tag="700" ind1="1" ind2="0">
    <subfield code="a">O&#xB4;SULLIVAN, Neil, coautor.</subfield>
  </datafield>
  <datafield tag="942" ind1=" " ind2=" ">
    <subfield code="c">LB</subfield>
  </datafield>
  <datafield tag="952" ind1=" " ind2=" ">
    <subfield code="0">0</subfield>
    <subfield code="1">0</subfield>
    <subfield code="4">0</subfield>
    <subfield code="7">0</subfield>
    <subfield code="a">09</subfield>
    <subfield code="b">09</subfield>
    <subfield code="d">2007-01-23</subfield>
    <subfield code="l">0</subfield>
    <subfield code="o">PE1128 E85+</subfield>
    <subfield code="p">09 000025</subfield>
    <subfield code="r">2012-06-26</subfield>
    <subfield code="t">1</subfield>
    <subfield code="w">2012-06-26</subfield>
    <subfield code="y">LB</subfield>
  </datafield>
  <datafield tag="952" ind1=" " ind2=" ">
    <subfield code="0">0</subfield>
    <subfield code="1">0</subfield>
    <subfield code="4">0</subfield>
    <subfield code="7">0</subfield>
    <subfield code="a">09</subfield>
    <subfield code="b">09</subfield>
    <subfield code="d">2007-01-23</subfield>
    <subfield code="l">0</subfield>
    <subfield code="o">PE1128 E85+</subfield>
    <subfield code="p">09 000026</subfield>
    <subfield code="r">2012-06-26</subfield>
    <subfield code="t">2</subfield>
    <subfield code="w">2012-06-26</subfield>
    <subfield code="y">LB</subfield>
  </datafield>
  <datafield tag="952" ind1=" " ind2=" ">
    <subfield code="0">0</subfield>
    <subfield code="1">0</subfield>
    <subfield code="4">0</subfield>
    <subfield code="7">0</subfield>
    <subfield code="a">09</subfield>
    <subfield code="b">09</subfield>
    <subfield code="d">2007-01-23</subfield>
    <subfield code="l">0</subfield>
    <subfield code="o">PE1128 E85+</subfield>
    <subfield code="p">09 000027</subfield>
    <subfield code="r">2012-06-26</subfield>
    <subfield code="t">3</subfield>
    <subfield code="w">2012-06-26</subfield>
    <subfield code="y">LB</subfield>
  </datafield>
  <datafield tag="999" ind1=" " ind2=" ">
    <subfield code="c">63539</subfield>
    <subfield code="d">63539</subfield>
  </datafield>
</record>
